| 000 | 00449nam a2200169Ia 4500 | ||
|---|---|---|---|
| 008 | 240830s1996 xx 000 0 und d | ||
| 041 | _aeng | ||
| 082 | _a615.537 SHA | ||
| 100 | _aSHARMA P.V. | ||
| 245 | _aCLASSICAL USES OF MEDICINAL PLANTS | ||
| 250 | _aN.D. | ||
| 260 |
_aVARANSI _bCENTRAL COUNCIL FOR RESEARCH IN AYURVEDA & SIDDHA _c1996 |
||
| 300 | _a848p | ||
| 650 | _aDRAVYAGUNA-VIGYAN | ||
| 906 | _aDRAVYAGUNA | ||
| 999 |
_c1185372 _d1185372 |
||